000 00487cam a22001814a 4500
005 20250605164130.0
008 250528s ||||||||||||||||||||||||d
035 _a18592
040 _aGR-AtMCL
_bgre
_dGR-AtMCL
_eAACR2
245 1 _aBasic First Aid / Book 2
260 _bDoubleday And Company, Inc,
_c1971
300 _a234
520 _aBroken Bones, Burns, Rescue.
710 2 _aThe American National Red Cross
_99757
942 _cBK
999 _c3941
_d3941